000 00827cam a22002411i 4500
003 SA-RiAUC
005 20250102085439.0
008 241223s1998 su g 000 0 ara c
020 _a9960291421
040 _aSA-JeALM
_bara
_cSA-RiAUC
_erda
082 0 4 _a219.1
090 _a219.1
_b م ج م
245 0 0 _aمجموعة رسائل في الحجاب والسفور /
_cجماعة من العلماء.
246 3 0 _aالحجاب والسفور
264 1 _aالرياض :
_bوزارة الشؤون الإسلامية،
_c1997
300 _a111 صفحة
_c18 سم
336 _aنص
_btxt
_2rdacontent
_3كتاب
337 _aبدون وسيط
_bn
_2rdamedia
338 _aمجلد
_bnc
_2rdacarrier
650 7 _aالإسلام والمرأة
_2aucsh
942 _2ddc
_cBOOK
_n0
949 _aSA-JeALM
_d241223
_uosman123
_n1
999 _c4351
_d4351